The Desert Fathers : (Record no. 604874)

MARC details
000 -LEADER
fixed length control field 00463nam a2200181 a 4500
008 - FIXED-LENGTH DATA ELEMENTS--GENERAL INFORMATION
fixed length control field 251224s2003##################000#0#eng##
020 ## - INTERNATIONAL STANDARD BOOK NUMBER
ISBN 9780140447316
082 04 - DEWEY DECIMAL CLASSIFICATION NUMBER
Classification number 248.2
Item number WAR
100 1# - MAIN ENTRY--AUTHOR NAME
Personal name Various,
245 10 - TITLE STATEMENT
Title The Desert Fathers :
260 ## - PUBLICATION, DISTRIBUTION, ETC. (IMPRINT)
Name of publisher National Geographic Books,
Year of publication 2003.
650 #0 - SUBJECT ADDED ENTRY--TOPICAL TERM
Topical Term Religion.
942 ## - ADDED ENTRY ELEMENTS (KOHA)
Koha item type English Books
Holdings
Withdrawn status Lost status Damaged status Not for loan Home library Current library Shelving location Date acquired Full call number Accession Number Price effective from Koha item type
        Anna Centenary Library Anna Centenary Library 3RD FLOOR, B WING 26.12.2025 248.2 WAR 416354 26.12.2025 English Books

Find us on the map